000
00289nam a2200121Ia 4500
008
190216s9999||||xx |||||||||||||| ||und||
100
_a
Dharm Pal
245
0
_a
Traditions Of Indian Army
260
_b
National Book Stall
_c
1961
300
_a
178p
650
_a
Indian History
942
_c
BK
999
_c
18918
_d
18918